000
00266nam a22001097a 4500
082
_a
621.384 BAR'W
100
_a
BARKAT-UL-HASAN ASKAR SYED
_9
79949
245
_a
WIRELESS RADIO FOURTH BOOK
260
_a
LAHORE
_b
SKEIKH BROTHERS
_c
1980
300
_a
224P
942
_c
BK
999
_c
584929
_d
584929